000 00553nam a2200121Ia 4500
008 171212s9999 xx 000 0 und d
020 _a9781921666445
245 _ceditor Thomas, Martin;Neale, Margo
_aExploring the Legacy of the 1948 Arnhem Land Expedition
260 _bANU E Press
_c2011
650 _aAmerican-Australian Scientific Expedition to Arnhem Land (1948); Aboriginal Australians -- Northern Territory -- Arnhem Land; Arnhem Land (N.T.) -- Discovery and exploration
650 _aHistory
856 _uwww.jstor.org/stable/10.2307/j.ctt24h9p1
999 _c351104
_d351104